Москва: Близко к сердцу. Страницы героической защиты города, 1941-1942; рассказ-хроника

Detalles Bibliográficos
Autor Principal: Воробьев Е. З. Евгений Захарович
Summary:На пер. авт. не указан
Idioma:ruso
Publicado: Москва, Политиздат, 1986
Series:Города-герои
Subjects:
Formato: MixedMaterials Libro
KOHA link:https://koha.lib.tpu.ru/cgi-bin/koha/opac-detail.pl?biblionumber=168586

MARC

LEADER 00000nam0a2200000 4500
001 168586
005 20231031163142.0
020 |a RU  |b 86-45228 
035 |a (RuTPU)RU\TPU\book\182902 
090 |a 168586 
100 |a 20091029d1986 m y0rusy5003 ca 
101 0 |a rus 
102 |a RU 
105 |a a z 000ay 
200 1 |a Москва  |e Близко к сердцу. Страницы героической защиты города, 1941-1942  |e рассказ-хроника  |f Е. З. Воробьев 
210 |a Москва  |c Политиздат  |d 1986 
215 |a 479,[1] с., [12] л. ил.  |c ил.  |d 17 см 
225 1 |a Города-герои 
300 |a На пер. авт. не указан 
610 1 |a Города-герои 
610 1 |a Москва 
610 1 |a Великая Отечественная война 1941-1945 
610 1 |a Россия 
610 1 |a история 
610 1 |a битва под Москвой 
675 |a 9(С)27  |z rus 
700 1 |a Воробьев  |b Е. З.  |g Евгений Захарович  |4 070 
801 0 |a RU  |b RuMRKP  |c 19950704  |g psbo 
801 1 |a RU  |b 63413507  |c 20091029 
801 2 |a RU  |b 63413507  |c 20140228  |g RCR 
942 |c BK